=LDR 00000nam 2200000 4500 =001 INLIS000000000036434 =005 20201215075629 =035 ##$$a 0010-061300000036434 =008 201215################g##########0#ind## =041 ##$$a Ind =082 ##$$a 331.11 =090 ##$$a 331.11, Ham f =100 1#$$a Hadayani, Rina Suci =245 1#$$a Future : $b Menavigasi profesi SDM, sebuah rekam jejak /$c Rina suci handayani =260 ##$$a Jakarta :$b PT. Cx Pro Indonesia,$c 2010 =300 ##$$a vii, 193 hlm. ; $c 15x24 cm. =650 #4$$a Sumber Daya Manusia =850 ##$$a NBPNMAT =020 ##$$a 978-602-97659-0-8 =084 ##$$a 331.11 HAD f =504 ##$$a Bibliografi : hlm. 191 =990 ##$$a 21102850 =990 ##$$a 21102852 =990 ##$$a 21102851